banner koha

Schinus terebinthifolius Raddi: chemical composition, biological properties and toxicity (Registro n. 299071)

MARC details
000 -LÍDER
fixed length control field 02719nab a2200289 i 4500
003 - CÓDIGO MARC DA AGÊNCIA CATALOGADORA
Campo de controle BR-BrBNA
005 - DATA E HORA DA ÚLTIMA ATUALIZAÇÃO
Campo de controle 20240404144829.0
008 - CAMPO DE TAMANHO FIXO
fixed length control field 240404b2013 bl.qr|pooa||| 00| 0 eng |
040 ## - FONTE DA CATALOGAÇÃO
Agência catalogadora BR-BrBNA
Idioma da catalogação eng
072 ## - CATEGORIA AGRIS
Código AGRIS F60
100 ## - ENTRADA PRINCIPAL - NOME PESSOAL
Nome pessoal Carvalho, M.G.
100 ## - ENTRADA PRINCIPAL - NOME PESSOAL
Nome pessoal Melo, A.G.N.
100 ## - ENTRADA PRINCIPAL - NOME PESSOAL
Nome pessoal Aragão, C.F.S.
100 ## - ENTRADA PRINCIPAL - NOME PESSOAL
Nome pessoal Raffin, F.N.
100 ## - ENTRADA PRINCIPAL - NOME PESSOAL
Nome pessoal Moura, T.F.A.L.
245 ## - TÍTULO PRINCIPAL
Título principal Schinus terebinthifolius Raddi: chemical composition, biological properties and toxicity
500 ## - NOTA GERAL
Nota geral Publicação on-line; Bibliography p. 167-169 (59 ref.); 1 table; Summaries (En, Pt)
942 ## - ADDED ENTRY ELEMENTS (KOHA)
Koha item type
520 ## - NOTA DE RESUMO
Nota de conteúdo <br/><br/>RESUMO: <br/><br/>Schinus terebinthifolius Raddi: Composição química, propriedades biológicas,<br/>e toxicidade. Schinus terebinthifolius Raddi é uma planta medicinal conhecida no Brasil como<br/>“aroeira da praia”, utilizada na medicina popular como antitérmica, analgésica, depurativa e<br/>no tratamento de doenças do sistema urogenital. Por outro lado, a literatura científica relata<br/>que essa planta apresenta atividade antimicrobiana, anti-inflamatória, e antiulcerogênica. Essa<br/>revisão trata das principais propriedades biológicas e efeitos toxicológicos da aroeira da praia,<br/>além de uma abordagem sistemática acerca dos compostos que já foram encontrados nessa<br/>espécie, estando a maioria deles presente nos óleos essenciais.<br/><br/>Palavras Chave: Schinus terebinthifolius, Anacardiaceae, componentes químicos, propriedades<br/>biológicas.
520 ## - NOTA DE RESUMO
Nota de conteúdo <br/><br/>ABSTRACT: <br/><br/>Schinus terebinthifolius Raddi is a medicinal plant known in Brazil as “aroeira da<br/>praia”, which has been used in popular medicine as antipyretic, analgesic, depurative and in<br/>the treatment of diseases of the urogenital system. On the other hand, the scientific literature<br/>has reported that this plant has antimicrobial, anti-inflammatory and antiulcerogenic activity.<br/>This review addresses the main biological properties and toxicological effects of “aroeira da<br/>praia”, in addition to a systematic approach of the compounds that were already found in this<br/>species, the great majority of which is present in the essential oils.<br/><br/>Key words: Schinus terebinthifolius, Anacardiaceae, chemical compounds, biological properties
650 ## - ASSUNTO - THESAGRO
Cabeçalho tópico ou nome geográfico SCHINUS TEREBINTHIFOLIUS
650 ## - ASSUNTO - THESAGRO
Cabeçalho tópico ou nome geográfico ANACARDIACEAE
650 ## - ASSUNTO - THESAGRO
Cabeçalho tópico ou nome geográfico COMPOSIÇÃO QUÍMICA
773 0# - ENTRADA ANALÍTICA
Host Biblionumber 3543
Registro do item 314057
Imprenta Botucatu-SP Instituto de Biociências - Departamento de Química e Bioquímica 1998
Outro identificador 2024-0323
Título Revista Brasileira de Plantas Medicinais (Brazil)
ISSN 1516-0572
Colação v. 15(1) p. 158-169; (2013)
Número de controle de registro BR2024000434
856 ## - ACESSO E ENDEREÇO ELETRÔNICO
Identificador uniforme de recurso - URI https://www.scielo.br/j/rbpm/a/bNdsZSp6jMDqM6qVXxCHGgL/?format=pdf&lang=en

Nenhum exemplar disponível.

BINAGRI

Telefone: (61)3218-2567/2388/3357/2097 - binagri@agro.gov.br

Ministério da Agricultura e Pecuária , Esplanada dos Ministérios, Bloco D, Anexo B, Brasília/DF, CEP: 70.043-900